| 000 | 01116nam a2200205Ia 4500 | ||
|---|---|---|---|
| 003 | Ost | ||
| 005 | 20260507075723.0 | ||
| 008 | 260507s9999||||xx |||||||||||||| ||und|| | ||
| 040 | _cfsecg | ||
| 041 | _aara | ||
| 082 | _a320.12 | ||
| 100 |
_aالدويكات، قاسم _eمؤلف |
||
| 245 | 0 |
_aالجغرافيا السياسية / _c قاسم الدويكات |
|
| 260 |
_aعمان: _bمطبعة البهجة, _c2002 |
||
| 300 |
_a355 صفحة؛ _bإيضاحات ؛ _c24 سم |
||
| 504 | _aبيبليوغرافيا ص.347 | ||
| 520 | _aتعريف الجغراقيا السياسية وأهميتها ومناهجها،الإقليم السياسي والدولة،المقومات الطبيعية للدولة،المقومات البشرية للدولة،المقومات الاقتصادية للدولية،التنظيم السياسي للدول،التخوم والحدود السياسية للدولة،الجغرافيا السياسية للحياة اليومية،جغرافية الانتخابات | ||
| 653 | _aالجغرافيا السياسية: دول الخليج | ||
| 942 | _cكتاب | ||
| 999 |
_c45955 _d45955 |
||